Programa d'activitats formatives
Descripción Física:
Volums ; 17 x 17 cm
Materias:
Barcelona (Catalunya : Província). -- Àrea de Serveis Socials
; Serveis socials -- Ensenyament (Educació permanent) -- Barcelona (Província)
Idioma:
Catalán
MARC
| LEADER | 00000nam a2200000Ia 4500 | ||
|---|---|---|---|
| 001 | 19489, 19490, 19491, 15548, 15549, 15550, 15551, 15552, 15553, 15554, 15555, 15556, 15557, 15558, 12146, 19485, 19486, 19487, 14381 | ||
| 003 | Arxiu | ||
| 005 | 20260324181508.0 | ||
| 008 | 160829m1993 - spc xx s cat c | ||
| 040 | |a AGDB | ||
| 080 | |a FU-6-49, FU-6-50, FU-6-51, FU-39-1, FU-39-2, FU-39-3, FU-39-4, FU-39-5, FU-39-6, FU-39-7, FU-39-8, FU-39-9, FU-39-10, FU-39-11, S-1-164, S-1-253, FU-6-48, S-1-254, S-1-179 | ||
| 110 | 1 | |a Barcelona (Catalunya : Província). |b Àrea de Serveis Socials |9 53159 | |
| 245 | 1 | 0 | |a Programa d'activitats formatives |
| 260 | |a Barcelona : |b Diputació de Barcelona. Àrea de Serveis Socials, |c 1988-2002 | ||
| 300 | |a Volums ; |c 17 x 17 cm | ||
| 590 | |a A partir de 2001. editat per l'Àrea de Benestar Social de la Diputació de Barcelona | ||
| 610 | 0 | |a Barcelona (Catalunya : Província). |b Àrea de Serveis Socials |9 53159 | |
| 650 | |a Serveis socials |x Ensenyament (Educació permanent) |x Barcelona (Província) |9 34319 | ||
| 710 | 1 | |a Barcelona (Catalunya : Província). |b Àrea de Benestar Social |9 52988 | |
| 866 | |a 1988, 1989 - 1990 (3), 1990 (4), 1993 (9, 10); 1994 (11, 12); 1995 (13, 14); 1996 (15, 16); 1997 (17); 1998 (19, 20); 1999, 2000, 2001, 2001 - 2002, 2002 - 2003 | ||
| 901 | |a Arxiu | ||
| 942 | |n 1 |2 udc |c ARXIU | ||
| 952 | |0 0 |1 0 |4 0 |6 S1164_S1253_FU648_S1254_S1179 |7 1 |9 46463 |a Arxiu |b Arxiu |d 2016-12-01 |o S-1-164, S-1-253, FU-6-48, S-1-254, S-1-179 |r 2016-12-01 00:00:00 |w 2016-12-01 |y ARXIU | ||
| 952 | |0 0 |1 0 |4 0 |6 FU391 |7 1 |9 65958 |a Arxiu |b Arxiu |d 2023-04-04 |h Núm. 9 (1993) |l 0 |o FU-39-1 |p 15548 |r 2023-04-04 00:00:00 |w 2023-04-04 |y ARXIU | ||
| 952 | |0 0 |1 0 |4 0 |6 FU392 |7 1 |9 65960 |a Arxiu |b Arxiu |d 2023-04-04 |h Núm. 10 (1993) |l 0 |o FU-39-2 |p 15549 |r 2023-04-04 00:00:00 |w 2023-04-04 |y ARXIU | ||
| 952 | |0 0 |1 0 |4 0 |6 FU393 |7 1 |9 65961 |a Arxiu |b Arxiu |d 2023-04-04 |h Núm. 11 (1994) |l 0 |o FU-39-3 |p 15550 |r 2023-04-04 00:00:00 |w 2023-04-04 |y ARXIU | ||
| 952 | |0 0 |1 0 |4 0 |6 FU394 |7 1 |9 65962 |a Arxiu |b Arxiu |d 2023-04-04 |h Núm. 12 (1994) |l 0 |o FU-39-4 |p 15551 |r 2023-04-04 00:00:00 |w 2023-04-04 |y ARXIU | ||
| 952 | |0 0 |1 0 |4 0 |6 FU395 |7 1 |9 65963 |a Arxiu |b Arxiu |d 2023-04-04 |h Núm. 13 (1995) |l 0 |o FU-39-5 |p 15552 |r 2023-04-04 00:00:00 |w 2023-04-04 |y ARXIU | ||
| 952 | |0 0 |1 0 |4 0 |6 FU396 |7 1 |9 65964 |a Arxiu |b Arxiu |d 2023-04-04 |h Núm. 14 (1995) |l 0 |o FU-39-6 |p 15553 |r 2023-04-04 00:00:00 |w 2023-04-04 |y ARXIU | ||
| 952 | |0 0 |1 0 |4 0 |7 1 |9 65965 |a Arxiu |b Arxiu |d 2023-04-04 |h Núm. 15 (1996) |o FU-39-7 |p 15554 |r 2023-04-04 00:00:00 |w 2023-04-04 |y ARXIU | ||
| 952 | |0 0 |1 0 |4 0 |6 FU398 |7 1 |9 65966 |a Arxiu |b Arxiu |d 2023-04-04 |h Núm. 16 (1996) |l 0 |o FU-39-8 |p 15555 |r 2023-04-04 00:00:00 |w 2023-04-04 |y ARXIU | ||
| 952 | |0 0 |1 0 |4 0 |6 FU399 |7 1 |9 65967 |a Arxiu |b Arxiu |d 2023-04-04 |h Núm. 17 (1997) |l 0 |o FU-39-9 |p 15556 |r 2023-04-04 00:00:00 |w 2023-04-04 |y ARXIU | ||
| 952 | |0 0 |1 0 |4 0 |6 FU3910 |7 1 |9 65968 |a Arxiu |b Arxiu |d 2023-04-04 |h Núm. 19 (1998) |l 0 |o FU-39-10 |p 15557 |r 2023-04-04 00:00:00 |w 2023-04-04 |y ARXIU | ||
| 952 | |0 0 |1 0 |4 0 |6 FU3911 |7 1 |9 65969 |a Arxiu |b Arxiu |d 2023-04-04 |h Núm. 20 (1998) |l 0 |o FU-39-11 |p 15558 |r 2023-04-04 00:00:00 |w 2023-04-04 |y ARXIU | ||
| 952 | |0 0 |1 0 |4 0 |7 1 |9 66226 |a Arxiu |b Arxiu |d 2023-05-02 |h Núm. 1 (1988) |o FU-6-49 |p 19489 |r 2023-05-02 00:00:00 |w 2023-05-02 |y ARXIU | ||
| 952 | |0 0 |1 0 |4 0 |6 FU650 |7 1 |9 66227 |a Arxiu |b Arxiu |d 2023-05-02 |h Núm. 3 (1989-90) |l 0 |o FU-6-50 |p 19490 |r 2023-05-02 00:00:00 |w 2023-05-02 |y ARXIU | ||
| 952 | |0 0 |1 0 |4 0 |6 FU651 |7 1 |9 66228 |a Arxiu |b Arxiu |d 2023-05-02 |h Núm. 4 (1990) |l 0 |o FU-6-51 |p 19491 |r 2023-05-02 00:00:00 |w 2023-05-02 |y ARXIU | ||
| 952 | |0 0 |1 0 |4 0 |7 1 |9 66229 |a Arxiu |b Arxiu |d 2023-05-02 |h 2001 |o FU-6-48 |p 19486 |r 2023-05-02 00:00:00 |w 2023-05-02 |y ARXIU | ||
| 999 | |c 50248 |d 50248 | ||